| 000 | 01852nam a2200253Ia 4500 | ||
|---|---|---|---|
| 999 |
_c53189 _d53189 |
||
| 001 | 20230 | ||
| 003 | GE_BSU | ||
| 005 | 20200616223715.0 | ||
| 008 | 181216s2016||||ge |||||||||||||| ||geo|| | ||
| 020 | _a9789941462450 | ||
| 040 | _cGE_BSU | ||
| 041 | _ageo | ||
| 080 | _a821.353.1.092 რ-93 | ||
| 245 |
_aრუსთაველი და "ოქროს ხანის" საქართველო : _bკრებული / _cმთ. რედ. ბიჭიკო დიასამიძე. |
||
| 264 |
_aბათუმი : _bბათუმის შოთა რუსთაველის სახელმწიფო უნივერსიტეტი, _c2016. |
||
| 300 |
_a117 გვ. ; _c21 სმ. |
||
| 500 | _aშოთა რუსთაველის დაბადებიდან 850 წლისთავისადმი მიძღვნილი პროფესორ-მასწავლებელთა სამეცნიერო კონფერენციის მასალები | ||
| 520 | _aშოთა რუსთავ. დაბადებიდან 850 წლისთავისადმი მიძღვნ. პროფესორ-მასწავლ. სამეცნიერო კონფერენც. მასალები | ||
| 541 | _h3ლ.99თ. | ||
| 653 | _aრუსთაველი და "ოქროს ხანის" საქართველო | ||
| 700 |
_a დიასამიძე, ბიჭიკო _eმთავარი რედაქტორი _98435 |
||
| 710 |
_aბათუმის შოთა რუსთაველის სახელმწიფო უნივერსიტეტი _bნიკო ბერძენიშვილის ინსტიტუტი _98436 |
||
| 942 |
_cBK _2udc |
||